000 00941cam a2200217 4500
001 ##L135054
008 060921n2006 000 0 eng u
035 _a(Sirsi) u135054
041 0 _aeng
050 0 4 _a690 $2 18
100 1 _aGurjao, Sonia
245 0 0 _aInclusivity
_bthe changing role of women in the construction workforce
260 _aLondon
_bCIOB
_c2006
520 _aExamines the reasons behind the lack of women in the UK construction industry, especially at a senior level. Discusses ways in which the construction industry can increase inclusivity and attract and retain more women in the workforce.
590 _aIKA031006 NTK
651 4 _aUnited Kingdom
_y
690 _aMANAGEMENT-BUSINESS MANAGEMENT-DISCRIMINATION-GENDER DISCRIMINATION
710 2 _aChartered Institute of Building
_92134
856 4 8 _uhttps://www.ciob.org.uk/news/view/1194
_zView the report free of charge at www.ciob.org.uk...
942 _n0
999 _c105893
_d105893